000 00637cam a2200169 4500
001 WB3533-31
008 000000n1999 000 0 eng u
035 _a(Sirsi) u102608
245 _aDevelopment plan rules clarified.
260 _c1999
490 _aDETR News Release
_v(843) 23 August 1999 (1)
520 _aGovernment has clarified the arrangements for local planning authorities to notify the DETR of significant departures from their development plans. The new rules come into force on 30th August 1999.
650 _aDEVELOPMENT PLANS
650 _aLOCAL AUTHORITIES
690 _aPLANNING LAW AND PRACTICE
942 _n0
999 _c61608
_d61608